Vista normal
Vista MARC
Entrada Personal Name
Número de registros utilizados en: 1
001 - CONTROL NUMBER
- control field: 1870
003 - CONTROL NUMBER IDENTIFIER
- control field: OSt
005 - DATE AND TIME OF LATEST TRANSACTION
- control field: 20121205120118.0
008 - FIXED-LENGTH DATA ELEMENTS
- fixed length control field: 121205|||a|||||| | ||| d
040 ## - CATALOGING SOURCE
- Original cataloging agency: OSt
- Transcribing agency: OSt
100 ## - HEADING--PERSONAL NAME
- Personal name: Lorente, J. A.
- Fuller form of name: [José Angel]
670 ## - SOURCE DATA FOUND
- Source citation: Work cat.: (OSt): Lorente, J. A. [José Angel], Cuidados intensivos del paciente quemado, 1998